[Event "FIDE World Cup Mexico Qual (Women)"]
[Site "Mexico City"]
[Date "2021.05.29"]
[Round "7"]
[White "Benitez Lozano, Karla"]
[Black "Ortega Beltran, Ximena"]
[Result "0-1"]
[WhiteElo "1836"]
[BlackElo "1720"]
[PlyCount "94"]
[EventDate "2021.05.26"]
[EventType "swiss"]
[EventRounds "9"]
[EventCountry "MEX"]
[SourceTitle "CBM 202 Extra"]
[Source "ChessBase"]
[SourceDate "2021.07.31"]
[SourceVersion "1"]
[SourceVersionDate "2021.07.31"]
[SourceQuality "1"]

1. e4 c5 2. Nf3 g6 3. d4 cxd4 4. Nxd4 Bg7 5. c4 Nc6 6. Be3 Nf6 7. Nc3 Ng4 8. Qxg4 Nxd4 9. Qd1 Ne6 10. Qd2 0-0 11. Bh6 Bxh6 12. Qxh6 Nd4 13. Bd3 e5 14. h4 Qf6 15. h5 Qg7 16. hxg6 fxg6 17. Qxg7+ Kxg7 18. Nb5 Ne6 19. Rd1 b6 20. Be2 a6 21. Na3 Nd4 22. Rd2 Bb7 23. f3 Rac8 24. Kf2 Bxe4 25. Rhd1 Bc6 26. Nc2 Nxc2 27. Rxc2 e4 28. Ke3 exf3 29. Bxf3 Rce8+ 30. Kf2 g5 31. Kg1 Re7 32. Bxc6 dxc6 33. Rcd2 h5 34. Rd4 g4 35. Kh2 Re2 36. R1d2 Rxd2 37. Rxd2 Kg6 38. Re2 h4 39. Re4 Kg5 40. Re5+ Rf5 41. Re6 Rf6 42. Re5+ Kg6 43. b3 Rf2 44. Re6+ Kg5 45. Rxc6 h3 46. Rc8 Rxg2+ 47. Kh1 Kh4 0-1